Movie titles en français (Part 2) Quiz Stats

 Plays Quiz not verified by Sporcle

Support Sporcle.
Go Orange.
Score 0/50 Timer 10:00
0 Plays Today
French Title English Title % Correct
Le roi lionThe Lion King
81.7%
Chauffeur de taxiTaxi Driver
81.3%
Le silence des agneauxThe Silence of the Lambs
77.3%
L'homme éléphantThe Elephant Man
76.9%
Le sixième sensThe Sixth Sense
76.1%
Il faut sauver le soldat RyanSaving Private Ryan
72.1%
Le bon, la brute et le truandThe Good, the Bad, and the Ugly
70.5%
C'est l'apocalypseApocalypse Now
68.9%
La planète des singesPlanet of the Apes
67.3%
Les producteursThe Producers
64.9%
Le troisième hommeThe Third Man
63.7%
La couleur pourpreThe Color Purple
61.8%
12 hommes en colère12 Angry Men
61%
Les sept samouraïsSeven Samurai
60.2%
La guerre des étoilesStar Wars
59.8%
Hannah et ses soeursHannah and her Sisters
57.8%
La grande évasionThe Great Escape
53.4%
Le faucon maltaisThe Maltese Falcon
53.4%
Le commando des bâtardsInglourious Basterds
52.2%
Suspects de convenanceThe Usual Suspects
50.6%
Monstres et CieMonsters, Inc.
49.4%
Le discours d'un roiThe King's Speech
49%
Histoire de jouetsToy Story
48.6%
Danse lasciveDirty Dancing
44.6%
Le pont de la rivière KwaiThe Bridge on the River Kwai
44.6%
French Title English Title % Correct
Y a-t-il un pilote dans l'avion?Airplane!
37.8%
Un après-midi de chienDog Day Afternoon
37.5%
Le voleur de bicycletteBicycle Thieves
36.7%
Les lumières de la villeCity Lights
34.3%
Fenêtre sur courRear Window
31.5%
Les fils de l'hommeChildren of Men
30.3%
La Princess Bouton d'OrThe Princess Bride
29.1%
Traduction infidèleLost in Translation
25.9%
La mélodie du bonheurThe Sound of Music
23.9%
Les Quatre Cents CoupsThe 400 Blows
23.1%
Du soleil plein la têteEternal Sunshine of the Spotless Mind
21.1%
La ville du vice et du péchéSin City
17.5%
Les sentiers de la gloirePaths of Glory
16.3%
Piège de cristalDie Hard
15.5%
Les infiltrésThe Departed
13.5%
Le guépardThe Leopard
12.7%
Le huitième passagerAlien
11.2%
Voyage au bout de l'enferThe Deer Hunter
9.6%
La garçonnièreThe Apartment
8.8%
Les affranchisGoodfellas
8.4%
Les évadésThe Shawshank Redemption
7.2%
La nuit des masquesHalloween
6.4%
La fureur de vivreRebel Without a Cause
4.4%
Du silence et des ombresTo Kill a Mockingbird
4%
Un ticket pour deuxPlanes, Trains, and Automobiles
3.2%

You're not logged in!

Compare scores with friends on all Sporcle quizzes.
OR
Log In

From the Vault

Literature Books: The Subtitles II

by MoMosMoProblems

Sometimes the subtitle is better than the title anyway.
Remove Ads.
Support Sporcle.
Get the best of Sporcle when you Go Orange. This ad-free experience offers more features, more stats, and more fun while also helping to support Sporcle. Thank you for becoming a member.

Show Comments

Extras

Top Quizzes Today


Score Distribution

Your Account Isn't Verified!

In order to create a playlist on Sporcle, you need to verify the email address you used during registration. Go to your Sporcle Settings to finish the process.

Report this User

Report this user for behavior that violates our Community Guidelines.

Details: